| 000 | 00509nam a2200181Ia 4500 | ||
|---|---|---|---|
| 008 | 230917s9999||||xx |||||||||||||| ||und|| | ||
| 020 | _cUSD595 | ||
| 040 |
_e233645 _aMAIN |
||
| 041 | _aEnglish | ||
| 082 | _a641.597303 S51O(2) | ||
| 100 | _aSmith, Andrew F | ||
| 245 | 0 | _aOxford encyclopedia of food and drink in America | |
| 250 | _a2nd ed. | ||
| 260 |
_aOxford _bOxford University Press _c2013 |
||
| 300 | _axxvii, 818 p. | ||
| 500 | _a2344 29/07/2016 HBD16/6690 07/10/2016 Main Budget | ||
| 942 | _cBK | ||
| 999 |
_c18804 _d18804 |
||